Algebra lineal y geometría

Saved in:
Bibliographic Details
Main Author: Larrotonda, Ángel Rafael
Format: Book
Language:Spanish
Published: Buenos Aires Eudeba 1977
Subjects:
Tags: Add Tag
No Tags, Be the first to tag this record!

MARC

LEADER 00000nam a2200000 a 4500
001 UCW0790
003 CL-VaPUC
005 20230714082805.0
008 890710e19770000AG |||||||||||||||||spa|d
999 |c 215848  |d 215846 
040 |c Pontificia Universidad Católica de Valparaíso 
082 0 4 |a 512.5 LAR 1977 
100 |a Larrotonda, Ángel Rafael   |9 611772 
245 1 0 |a Algebra lineal y geometría 
260 |a Buenos Aires  |b Eudeba  |c 1977 
300 |a 533 p 
583 |a last modification  |c 19890710 00:00:00  |k Rodrigo Vera 
650 0 |a Álgebra lineal   |9 260445 
650 0 |a Geometría   |9 264063 
942 |c BK  |2 ddc 
945 |d 19890710 00:00:00 
952 |0 0  |1 0  |4 0  |6 512_500000000000000_LAR_1977  |7 0  |8 A  |9 200960  |a BIBMAT  |b BIBMAT  |d 2019-11-14  |i 2680947  |o 512.5 LAR 1977  |p 2680947  |r 2025-01-07  |w 2019-11-14  |y BK  |k MAT